000 01098cam a22002894i 4500
999 _c8027
_d8027
001 991061120159806706
003 OSt
005 20250618105525.0
008 240514s2024 sp ad 001 0 spa|c
020 _a9788441549104
040 _cCDMR
_bcat
100 1 _aEves, Derral,
_eautor
245 1 0 _aYoutube :
_bla fórmula mágica : cómo usar el algoritmo para aumentar las visualizaciones, crear una audiencia y generar más ingresos /
_cDerral Eves
264 1 _aMadrid :
_bEdiciones Anaya Multimedia (Grupo Anaya, S.A.U.),
_c[2024]
300 _a293 pàgines :
_bil·lustracions en blanc i negre, gràfics ;
_c23 cm
490 1 _aSocial Business
500 _aÍndex
500 _aTraducció de: The Youtube formula. How anyone can unlock the algorithm to drive views, build an audience, and grow revenue
610 2 7 _aYouTube (Firma)
650 7 _aAlgorismes
650 7 _aMàrqueting per Internet
650 7 _aInfluenciadors (Internet)
650 0 _aComunicació audiovisual
_92084
650 0 _aXarxes socials en línia
_93128
830 0 _aSocial business
942 _2udc
_cMON